| 000 | 00487nam a2200169Ia 4500 | ||
|---|---|---|---|
| 999 |
_c40615 _d40615 |
||
| 001 | 7242 | ||
| 003 | GE_BSU | ||
| 005 | 20230830162049.0 | ||
| 008 | 181216s2012||||enk|||||||||||||| ||eng|| | ||
| 040 | _cGE_BSU | ||
| 080 | _a340 C-95 | ||
| 245 |
_aCourt Monitoring Report #1 : Period Covered : _bOctober 2011 - February 2012. |
||
| 264 |
_aTbilisi : _bTRANSPARENCY INTERNATIONAL GEORGIA, _c2012. |
||
| 300 |
_a64 pages ; _c25 cm. |
||
| 653 | _aCourt Monitoring Report #1 | ||
| 942 |
_cBK _2udc |
||